The Dream workbook : (Record no. 8580)
[ view plain ]
| 000 -LEADER | |
|---|---|
| fixed length control field | 00529nam a22001817a 4500 |
| 003 - CONTROL NUMBER IDENTIFIER | |
| control field | OSt |
| 005 - DATE AND TIME OF LATEST TRANSACTION | |
| control field | 20140310182031.0 |
| 008 - FIXED-LENGTH DATA ELEMENTS--GENERAL INFORMATION | |
| fixed length control field | 130814t xxu||||| |||| 00| 0 eng d |
| 020 ## - INTERNATIONAL STANDARD BOOK NUMBER | |
| International Standard Book Number | 0449210413 |
| 050 ## - LIBRARY OF CONGRESS CALL NUMBER | |
| Classification number | BF 1091 |
| Item number | .M875 1985 |
| 082 ## - DEWEY DECIMAL CLASSIFICATION NUMBER | |
| Classification number | HS |
| Item number | 154.63 M83 1985 |
| 100 ## - MAIN ENTRY--PERSONAL NAME | |
| Personal name | Morris, Jill |
| 9 (RLIN) | 10292 |
| 245 ## - TITLE STATEMENT | |
| Title | The Dream workbook : |
| Remainder of title | discover the knowledge and power hidden in your dreams / |
| Statement of responsibility, etc | Jill Morris. |
| 260 ## - PUBLICATION, DISTRIBUTION, ETC. (IMPRINT) | |
| Place of publication, distribution, etc | N.Y : |
| Name of publisher, distributor, etc | Ballantine Books, |
| Date of publication, distribution, etc | c1985. |
| 300 2# - PHYSICAL DESCRIPTION | |
| Extent | 273 p. : |
| Dimensions | 17 cm. |
| 942 ## - ADDED ENTRY ELEMENTS (KOHA) | |
| Source of classification or shelving scheme | Library of Congress Classification |
| Koha item type | |
| Withdrawn status | Lost status | Source of classification or shelving scheme | Damaged status | Home library | Current library | Shelving location | Date acquired | Total Checkouts | Full call number | Barcode | Date last seen | Copy number | Price effective from | Koha item type |
|---|---|---|---|---|---|---|---|---|---|---|---|---|---|---|
| Library of Congress Classification | Luxembourg Library | Luxembourg Library | High School Section | 08/14/2013 | BF 1091 .M875 1985 | 5156 | 06/13/2017 | 1 | 08/14/2013 | Books |